| 000 | 00535nam a22001817a 4500 | ||
|---|---|---|---|
| 999 |
_c157934 _d157934 |
||
| 005 | 20181011115136.0 | ||
| 010 | _aENG-124234 | ||
| 020 |
_a9789350579282 _c195.00 |
||
| 035 | _a EN-107766 | ||
| 037 | _bDBAD/PUB. | ||
| 082 | _a613.7046 | ||
| 100 | _aShukla, Ramesh Chandra | ||
| 245 |
_aYogasanas / _cby Ramesh Chandra Shukla |
||
| 260 |
_aNew Delhi _bV&S Publishers _c2017 |
||
| 270 |
_aF-2/16, Ansari Road, Daryaganj, _bNew Delhi _e110002 |
||
| 300 |
_a83p. _c21cm(pbk) _bill. |
||
| 942 |
_2ddc _cEN _mSHU _h613.7046 |
||